Ποιοτικές μέθοδοι έρευνας στις κοινωνικές επιστήμες

Αποθηκεύτηκε σε:
Λεπτομέρειες βιβλιογραφικής εγγραφής
Κύριος συγγραφέας: Ιωσηφίδης, Θεόδωρος
Μορφή: Βιβλίο
Γλώσσα:Greek
Δημοσίευση: Αθήνα : Κριτική, c2008.
Έκδοση:Βελτιωμένη έκδοση.
Σειρά:Επιστημονική βιβλιοθήκη (Κριτική)
Θέματα:
Ετικέτες: Προσθήκη ετικέτας
Δεν υπάρχουν, Καταχωρήστε ετικέτα πρώτοι!

MARC

LEADER 00000cam a2200000 i 4500
001 1/12865
008 110408t2008####gr | ||| |||| ||gre||
020 |a 9789602185995 
035 |l 10109959 
040 |a GR-MyUa  |b gre  |e AACR2 
041 0 |a gre 
082 7 |a 300.723   |2 (22) 
100 1 |a Ιωσηφίδης, Θεόδωρος. 
245 1 0 |a Ποιοτικές μέθοδοι έρευνας στις κοινωνικές επιστήμες /   |c Θεόδωρος Ιωσηφίδης.  
250 |a Βελτιωμένη έκδοση. 
260 |a Αθήνα :   |b Κριτική,   |c c2008.  
300 |a 324 σ. :   |b εικ., πίν. ;  |c 24 εκ.  
490 1 |a (Επιστημονική βιβλιοθήκη / Κριτική) 
500 |a Το βιβλίο αποτελεί εμπλουτισμένη και βελτιωμένη έκδοση του: "Ανάλυση ποιοτικών δεδομένων στις κοινωνικές επιστήμες", εκδόσεις Κριτική, Οκτώβριος 2003. 
504 |a Βιβλιογραφία: σ. [285]-308.  
650 0 |a Social sciences  |x Research  |x Methodology. 
650 0 |a Qualitative research. 
650 0 |a Social sciences  |x Methodology. 
650 0 |a Research  |x Methodology. 
830 0 |a Επιστημονική βιβλιοθήκη (Κριτική) 
852 |a INST  |b LESVOS  |e 20130221  |h 300.723 ΙΩΣ  |p 005100051770  |q 005100051770  |t BK  |y 0 
852 |a INST  |b LESVOS  |e 20141009  |h 300.723 ΙΩΣ  |p 005100055839  |q 005100055839  |t BK  |y 0 
852 |a INST  |b LESVOS  |c EUDOXUS  |e 20140103  |h 300.723 ΙΩΣ  |p 005100051236  |q 005100051236  |t EDX  |y 0 
852 |a INST  |b LESVOS  |c EUDOXUS  |e 20110919  |h 300.723 ΙΩΣ  |p 005100051530  |q 005100051530  |t EDX  |y 0 
852 |a INST  |b LESVOS  |c EUDOXUS  |e 20150202  |h 300.723 ΙΩΣ  |p 005100056138  |q 005100056138  |t EDX  |y 0 
852 |a INST  |b LESVOS  |c EUDOXUS  |e 20161122  |h 300.723 ΙΩΣ  |p 005100058250  |q 005100058250  |t EDX  |y 0 
852 |a INST  |b RHODES  |c EUDOXUS  |e 20110408  |h 300.723 ΙΩΣ  |p 005400033044  |q 005400033044  |t EDX  |y 0 
852 |a INST  |b SAMOS  |e 20180226  |h 300.723 ΙΩΣ  |p 005300045290  |q 005300045290  |t BK  |y 0 
852 |a INST  |b SYROS  |e 20110706  |h 300.723 ΙΩΣ  |p 005500009619  |q 005500009619  |t BK  |y 0 
901 |a BIBL5-2011-2 
901 |a BIBL4-2011-1 
901 |a BIBL1-2011-3 
901 |a BIBL1-2013-1 
901 |a BIBL1-2013-3 
901 |a BIBL1-2014-3 
901 |a BIBL1-2015-1 
920 |a Εύδοξος  |b Επιστροφή  |y Ρόδος  |z 2011-04 
920 |a Εύδοξος  |b Επιστροφή  |y Λέσβος  |z 2011-09 
920 |a Εύδοξος  |b Επιστροφή  |y Λέσβος  |z 2016-11 
920 |a Εύδοξος  |b Επιστροφή  |y Λέσβος  |z 2013-04 
920 |a Εύδοξος  |b Παραγγελία  |y Λέσβος-ΤΚ  |z 2014-11 
922 |a 5ΕΛΗ  |b 201011  |c ΒΙΒΛΙΟΘΗΚΗ ΣΥΡΟΥ  |d Π. ΙΩΑΝΝΙΔΟΥ 
970 |a Κοντού  |b Παρασκευή  |z 22/06/2011